Small cities quiz - Statistics

General Stats
  • This quiz has been taken 5 times
  • The average score is 3 of 8
Answer Stats
Population Hints Answer % Correct
50 Only settlement on Pitcairn Island Adamstown
80%
266 The super long name includes "seven seas" Edinburgh of the seven seas
80%
500 Starts with Flying (Christmas Island) Flying Fish Cove
60%
83 On the nearest island from US to Russia Diomede
40%
236 Village in Tuvalu with a name of a Oceanian country Tonga
40%
35 Starts with Ny- (Svalbard) Ny-Ålesund
20%
0 Near the last one ^ with 0 population Attu Station
0%
232 On the island of Shemya island Eareckson Station
0%
No matching quizzes found
Score Distribution
Percent of People with Each Score
Percentile by Number Answered
Your Score History
You have not taken this quiz